Songs By Artist: Johnny Cash - Statistics

General Stats
  • This quiz has been taken 154 times
  • The average score is 10 of 16
Answer Stats
Answer Song % Correct
I fell into a burnin' {Ring of Fire}... I went down, down down and the flames went higher... And it burns, burns, burns... The {Ring of Fire}... The {Ring of Fire}... Ring of Fire
99%
I hear the train a-comin'... It's rollin 'round the bend... And I ain't seen the sunshine... Since I don't know when... I'm stuck in {Folsom Prison}... And time keeps draggin' on... Folsom Prison Blues
88%
Yes, I'll admit that I'm a fool for you... Because you're mine, {I Walk The Line}... I Walk the Line
82%
And you could have it all... My empire of dirt... I will let you down... I will make you {Hurt}... Hurt
78%
{You Are My Sunshine}... My only sunshine... You make me happy when skies are grey... You Are My Sunshine
73%
Seems I had to fight my whole life through... Some guy would giggle and I'd get red... And some guy'd laugh and I'd bust his head... I'll tell ya, life ain't easy for {A Boy Named Sue}... A Boy Named Sue
67%
He asked me if I'd seen a road with so much dust and sand... And I said, "Listen, I've traveled every road in this here land"... {I've Been Everywhere}, man... I've Been Everywhere
66%
We got married in a fever hotter than a pepper sprout... We've been talkin' 'bout {Jackson} ever since the fire went out... I'm going to {Jackson}, I'm gonna mess around... Jackson
66%
For he saw the riders coming hard... And he heard their mournful cry... Yippie-yi-o, Yippie-yi-yay... {Ghost Riders in the Sky}... (Ghost) Riders in the Sky
64%
Ah, I'd love to wear a rainbow every day... And tell the world... That everything's okay... But I'll try to carry off... A little darkness on my back... Till things are brighter... I'm the {Man In Black} Man in Black
61%
{Daddy Sang Bass}... Mama sang tenor... Me and little brother would join right in there... Singin' seems to help a troubled soul... Daddy Sang Bass
53%
Go tell that long tongue liar... Go and tell that midnight rider... Tell the rambler, the gambler, the back biter... Tell 'em that {God's Gonna Cut You Down}... God's Gonna Cut You Down
51%
I'd get {One Piece At A Time}... And it wouldn't cost me a dime... You know it's me when I come through your town... One Piece At A Time
44%
Put taps on your toes, and get goin'... {Get Rhythm}... When you get the blues... Get Rhythm
43%
And there's nothin' short of dyin'... That's half as lonesome as the sound... Of the sleepin' city sidewalk... And {Sunday Morning Coming Down}... Sunday Morning Coming Down
36%
Everybody won't be treated all the same... There will be a golden ladder reaching down... When {The Man Comes Around}... The hairs on your arm will stand up... The Man Comes Around
33%
No matching quizzes found
Score Distribution
Percent of People with Each Score
Percentile by Number Answered
Your Score History
You have not taken this quiz